| 000 | 00476nam a2200169Ia 4500 | ||
|---|---|---|---|
| 008 | 230917s9999||||xx |||||||||||||| ||und|| | ||
| 020 | _cRS1650 | ||
| 040 |
_e231954 _aMAIN |
||
| 041 | _aEnglish | ||
| 082 | _a642.4 S64A | ||
| 100 | _aSinha, Aadesh | ||
| 245 | 0 | _aAdministration and management in banquet and catering | |
| 260 |
_aNew Delhi _bRandom Publications _c2015 |
||
| 300 | _axii, 320 p. | ||
| 500 | _a2282 10/02/2016 HBD15/1610 11/02/2016 IHTM (SFS) | ||
| 942 | _cBK | ||
| 999 |
_c18136 _d18136 |
||